| 000 | 00544nam a22001937a 4500 | ||
|---|---|---|---|
| 999 |
_c5600 _d5600 |
||
| 003 | GBCCL | ||
| 005 | 20241126110545.0 | ||
| 008 | 171214b xxu||||| |||| 00| 0 eng d | ||
| 020 | _a1852402237 | ||
| 040 | _cgbc | ||
| 082 |
_a248.4 _bWAL |
||
| 100 |
_aWall, Phil _97545 |
||
| 245 |
_aI'll Fight...: _bHoliness at War / _cPhil Wall |
||
| 260 |
_aTonbridge: _bSovereign World, _c1998 |
||
| 300 |
_a191 p.; _c20 cm. |
||
| 505 | _a"Foreword by General Paul Rader."--Cover. | ||
| 650 |
_2Salvation Army. _vChristian life. _9183 |
||
| 942 |
_2ddc _cBK _01 |
||